Noem de top 10 grootste eilanden - Sudden Death - Statistieken

Algemene statistieken
  • Deze quiz is 20 keer genomen
  • De gemiddelde score is 5 van 10
Answers on the Grid
Answers color-coded by a green-red scale on the quiz's grid according to % correct below.
Nieuw-Guinea
Borneo
IJsland
Cuba
Kreta
Ierland
Sicilië
Groenland
Madagaskar
Baffin
Sumatra
Honshū
Ellesmere
Groot-Brittannië
Victoria
 
Antwoordstatistieken
Antwoord % Correct
Groot-Brittannië
93%
Madagaskar
86%
Groenland
79%
Borneo
64%
Nieuw-Guinea
57%
Sumatra
43%
Honshū
29%
Baffin
21%
Ellesmere
21%
Victoria
14%
Geen overeenkomende quizzen gevonden
Scoreverdeling
Procent van Mensen met Elke Score
Percentiel versus Aantal Correcte Antwoorden
Uw Scoregeschiedenis
U heeft deze quiz nog niet genomen